[Event "XXVIII Euskadi ch"]
[Site "Zornotza"]
[Date "2013.04.01"]
[Round "1"]
[White "Franco Alonso, Alejandro"]
[Black "Guijarro Galan, Jose Luis"]
[Result "0-1"]
[WhiteElo "2504"]
[BlackElo "2154"]

1. c4 e6 2. g3 d5 3. Bg2 Nf6 4. Nf3 Be7 5. O-O O-O 6. d4 dxc4 7. Qc2 a6 8. Qxc4
b5 9. Qc2 Bb7 10. Bd2 Be4 11. Qc1 Nc6 12. Be3 Rc8 13. Rd1 Nb4 14. Nc3 Ba8 15.
a4 Nbd5 16. axb5 Nxc3 17. Qxc3 axb5 18. Ne5 Bxg2 19. Kxg2 Nd5 20. Qb3 c5 21.
dxc5 Qc7 22. Bd4 Bxc5 23. Bxc5 Qxc5 24. Nd7 Qc6 25. e4 Qxd7 26. exd5 Rfd8 27.
dxe6 Qc6+ 28. Kg1 Rxd1+ 29. Rxd1 fxe6 30. Qe3 h6 31. Qe5 Re8 32. h4 Re7 33.
Rd8+ Re8 34. Rd6 Qc1+ 35. Kg2 Qc7 36. Kh3 Kh8 37. f4 Qc4 38. Rd7 Rg8 39. Kg4 b4
40. Re7 b3 41. Kh5 Qc2 42. Rxe6 Kh7 43. f5 Qd1+ 44. g4 Qd8 45. Re7 Qc8 46. f6
Qe8+ 47. f7 g6# 0-1

[Event "XXVIII Euskadi ch"]
[Site "Zornotza"]
[Date "2013.04.01"]
[Round "1"]
[White "Padilla Cabero, Pablo"]
[Black "Huerga Leache, Mikel"]
[Result "0-1"]
[WhiteElo "2153"]
[BlackElo "2448"]

1. e4 e6 2. d4 d5 3. Bb5+ c6 4. Ba4 dxe4 5. c3 Nf6 6. Nd2 Be7 7. Qe2 Nbd7 8.
Nxe4 Nxe4 9. Qxe4 Nf6 10. Qe2 O-O 11. Nf3 c5 12. O-O cxd4 13. Nxd4 a6 14. Re1
Qc7 15. Bb3 e5 16. h3 Bd6 17. Nf3 e4 18. Nd4 Qa5 19. Qd2 Qe5 20. Nf3 Qc5 21.
Nd4 Bc7 22. Ne2 Bf5 23. Qg5 h6 24. Qh4 Rad8 25. Be3 Qe5 26. Bf4 Qe7 27. Bxc7
Qxc7 28. Rad1 Bh7 29. Qf4 Qb6 30. Rd4 Rxd4 31. Nxd4 a5 32. Re2 Rd8 33. Qe5 Bg6
34. Ba4 Rd5 35. Qb8+ Kh7 36. Bb3 Rg5 37. Ba4 Qa6 38. Rd2 Nd5 39. Bb5 Qf6 40.
Qxb7 Nf4 41. g3 e3 0-1

[Event "XXVIII Euskadi ch"]
[Site "Zornotza"]
[Date "2013.04.01"]
[Round "1"]
[White "Gonzalez de la Torre, Santiago"]
[Black "Marchena Hurtado, Javier"]
[Result "1-0"]
[WhiteElo "2446"]
[BlackElo "2093"]

1. d4 d5 2. c4 c6 3. Nc3 Nf6 4. e3 a6 5. Nf3 b5 6. c5 g6 7. a3 Bg7 8. b4 a5 9.
bxa5 Qxa5 10. Bd2 Qc7 11. a4 bxa4 12. Rxa4 Rxa4 13. Qxa4 O-O 14. Be2 Nbd7 15.
O-O e5 16. Nxe5 Nxe5 17. dxe5 Nd7 18. f4 Nxc5 19. Qa3 Nb7 20. Rc1 Rd8 21. Nb5
Qb6 22. Qa7 Qxa7 23. Nxa7 c5 24. Nxc8 Rxc8 25. Ba6 Rc7 26. Rb1 1-0

[Event "XXVIII Euskadi ch"]
[Site "Zornotza"]
[Date "2013.04.01"]
[Round "1"]
[White "Axpe Balenciaga, Iñigo"]
[Black "Argandoña Riveiro, Iñigo"]
[Result "0-1"]
[WhiteElo "2086"]
[BlackElo "2416"]

1. d4 g6 2. e4 Bg7 3. Nc3 c6 4. Nf3 d5 5. h3 Nh6 6. Bf4 O-O 7. g4 dxe4 8. Nxe4
f5 9. Bc4+ Kh8 10. Ng3 fxg4 11. Bxh6 gxf3 12. Bxg7+ Kxg7 13. Qd2 Qd6 14. O-O-O
Qf4 15. Qxf4 Rxf4 16. Rhe1 Kf8 17. Ne4 Nd7 18. Ng5 Nf6 19. Re3 h6 20. Nxf3 Bxh3
21. Ne5 Bf5 22. f3 Rd8 23. c3 Nd5 24. Bxd5 Rxd5 25. Rg1 g5 26. Rh1 c5 27. dxc5
Rh4 28. Rhe1 Rh2 29. R3e2 Rxe2 30. Rxe2 Rxc5 31. Kd2 Kg7 32. Ke1 Kf6 33. Ng4+
Bxg4 34. fxg4 Re5 35. c4 Rc5 36. b3 b5 37. cxb5 Rxb5 38. Kf2 Rb6 39. Kg3 a6 40.
Kf3 Rd6 41. Rh2 Kf7 42. Ke4 Rf6 43. Rg2 Ke6 44. Kd4 Kd6 45. Rh2 e6 46. Ke3 Ke5
47. Rh1 Kd5 48. Rd1+ Kc5 49. Rc1+ Kb5 50. Rc4 Rf1 51. a4+ Ka5 52. Rc6 Rb1 53.
Kf2 Rb2+ 54. Ke3 Rxb3+ 55. Kd4 Rb4+ 56. Kc5 Rxg4 57. Rxe6 h5 58. Rg6 h4 59. Rh6
Rg3 60. Rh5 h3 0-1

[Event "XXVIII Euskadi ch"]
[Site "Zornotza"]
[Date "2013.04.01"]
[Round "1"]
[White "Astasio Lopez, David"]
[Black "Perez Fernandez, Modesto"]
[Result "1-0"]
[WhiteElo "2376"]
[BlackElo "2048"]

1. d4 d5 2. Nf3 Nf6 3. Nbd2 e6 4. e3 c5 5. c3 Nc6 6. Bd3 Be7 7. O-O O-O 8. Qe2
Qc7 9. a3 b6 10. e4 dxe4 11. Nxe4 Nxe4 12. Qxe4 g6 13. Bf4 Bd6 14. Bh6 Rd8 15.
Bg5 Rf8 16. Bf6 Re8 17. Ng5 Bxh2+ 18. Kh1 Bf4 19. d5 Bxg5 20. Bxg5 Qe5 21. Qh4
exd5 22. Rae1 Qxe1 23. Rxe1 Rxe1+ 24. Kh2 Bd7 25. f4 Rae8 26. f5 Rd1 27. Bc2
Rf1 28. Bd3 Rd1 29. Bc2 Rf1 30. fxg6 fxg6 31. Bb3 Be6 32. Ba4 Bd7 33. Bb3 Be6
34. Qa4 Rc8 35. Kg3 Rf5 36. Bf4 Rf7 37. Qa6 Rcf8 38. Qe2 Re8 39. Bxd5 Nd8 40.
Bf3 Bd7 41. Qd2 Bc6 42. Bg4 Ne6 43. Bh6 Ng7 44. Kh2 Ref8 45. Bh3 Re8 46. Qd6
Be4 47. Bd7 Nf5 48. Bxf5 Bxf5 49. Qd2 Rfe7 50. Qd6 Re6 51. Qg3 Re2 52. Qc7 R2e7
53. Qf4 Re6 54. Qh4 Be4 55. b4 cxb4 56. axb4 Re5 57. Bg5 Bd5 58. Kh3 Be6+ 59.
Kg3 Bd5 60. Bh6 Rh5 61. Qf4 Rf5 62. Qd4 Re7 63. c4 Rh5 64. Qf4 Bf7 65. Qf6 Rxh6
66. Qxe7 Bxc4 67. Qd8+ Kg7 68. Qd4+ 1-0

[Event "XXVIII Euskadi ch"]
[Site "Zornotza"]
[Date "2013.04.01"]
[Round "1"]
[White "Galarza Cenzano, Iñigo"]
[Black "Sarralde Osua, Rodrigo"]
[Result "0-1"]
[WhiteElo "2040"]
[BlackElo "2337"]

1. e4 c5 2. Nf3 d6 3. d4 cxd4 4. Nxd4 Nf6 5. Nc3 a6 6. a4 e5 7. Nb3 Be6 8. Bg5
Nbd7 9. Be2 Be7 10. O-O O-O 11. a5 Rc8 12. Nd2 d5 13. exd5 Nxd5 14. Bxe7 Qxe7
15. Nxd5 Bxd5 16. Bf3 e4 17. Bxe4 Bxe4 18. Nxe4 Qxe4 19. Qxd7 Rfd8 20. Rae1
Qxg2+ 21. Kxg2 Rxd7 22. Re4 f5 23. Rb4 Rxc2 24. Rb6 g6 25. b4 Rb2 26. Rc1 Kg7
27. Rc3 Kh6 28. Rg3 Kh5 29. Rh3+ Kg5 30. Rf3 f4 31. Rc3 Kh5 32. Rc5+ g5 33. Rc3
Kg4 34. h3+ Kh5 35. Kf3 h6 36. Kg2 Rdd2 37. Rf3 Rd4 38. Rxb7 Rbxb4 39. Rxb4
Rxb4 40. Ra3 Rb5 41. Ra2 Kh4 42. Ra1 h5 43. Kf3 Rb3+ 44. Kg2 Rxh3 45. f3 g4 0-1

[Event "XXVIII Euskadi ch"]
[Site "Zornotza"]
[Date "2013.04.01"]
[Round "1"]
[White "Hernandez Perez, Jesus"]
[Black "Villalta Bustillo, Igor"]
[Result "1/2-1/2"]
[WhiteElo "2011"]
[BlackElo "2229"]

1. e4 e5 2. Nc3 Nf6 3. f4 d5 4. fxe5 Nxe4 5. Nf3 Bc5 6. Qe2 Bf2+ 7. Kd1 Nxc3+
8. dxc3 Bc5 9. Bg5 Be7 10. Bf4 Nc6 11. Qf2 Bg4 12. Bd3 Qd7 13. Kd2 O-O-O 14.
Rad1 d4 15. c4 Nb4 16. a3 Nxd3 17. cxd3 Qa4 18. Kc1 b5 19. Qc2 Qxc2+ 20. Kxc2
bxc4 21. dxc4 a5 22. Rxd4 Bxf3 23. Rxd8+ Rxd8 24. gxf3 Rd4 25. Bd2 Rxc4+ 26.
Kd3 Rc5 27. Kd4 Rc2 28. Bc3 a4 29. h4 Kd7 30. h5 Ke6 31. Kd3 Rf2 32. Ke4 Bg5
33. Bd4 Re2+ 34. Kd3 Rd2+ 35. Ke4 f5+ 36. exf6 Bxf6 37. Bxf6 Kxf6 38. Rc1 Rxb2
39. Rxc7 Rb3 40. Rc6+ Kg5 41. Rc7 Kh6 42. Kf4 Rb5 43. Ra7 Rxh5 44. Kg4 Rg5+ 45.
Kf4 Rg1 46. Rxa4 g5+ 47. Kf5 Rf1 48. Kg4 Rg1+ 49. Kf5 Kh5 50. Rg4 Ra1 51. Rxg5+
Kh6 52. f4 Rxa3 53. Kg4 1/2-1/2

[Event "XXVIII Euskadi ch"]
[Site "Zornotza"]
[Date "2013.04.01"]
[Round "1"]
[White "Prieto Aranguren, Alain"]
[Black "Cucarella Montell, Angels"]
[Result "1/2-1/2"]
[WhiteElo "2200"]
[BlackElo "1982"]

1. d4 d5 2. c4 e6 3. cxd5 exd5 4. Nc3 c6 5. Qc2 Bd6 6. Nf3 Bg4 7. Bg5 Qb6 8. e3
Nd7 9. Bd3 Ngf6 10. Nd2 O-O 11. Bh4 Rac8 12. Bg3 c5 13. Na4 Qc6 14. dxc5 Nxc5
15. Nxc5 Bxc5 16. O-O Qb6 17. Qb3 Rfe8 18. Qxb6 Bxb6 19. Nb3 Ne4 20. Bf4 Nc5
21. Nxc5 Bxc5 22. h3 Be6 23. Rfd1 Red8 24. Be5 f6 25. Bc3 Kf7 26. Rd2 a6 27.
Bc2 Rd7 28. Bb3 Rcd8 29. Rad1 Rd6 30. a3 Ke7 31. Bc2 Bf7 32. Bd4 Rc8 33. Bxc5
Rxc5 34. Bb3 Rb5 35. Ba4 Rc5 36. Rd4 Rc4 37. R1d2 Be6 38. Bd1 Rc1 39. Kh2 Rb6
40. Bf3 Rb1 41. b4 Rb3 42. R4d3 Rxd3 43. Rxd3 Rd6 44. Rd4 Rd8 45. Kg1 Kd6 46.
a4 Ke5 47. Be2 Rc8 48. f4+ Kd6 49. Bf3 Rc4 50. Kf1 b6 51. Ke2 a5 52. Rxc4 dxc4
53. bxa5 bxa5 54. Kd2 Kc5 55. Kc3 Bd7 56. Bd1 Bc6 57. g3 Bd7 58. h4 Bc6 59. Bc2
h6 60. e4 Bd7 1/2-1/2

[Event "XXVIII Euskadi ch"]
[Site "Zornotza"]
[Date "2013.04.01"]
[Round "1"]
[White "Goiria Egidazu, Jon Asel"]
[Black "Arias Garcia, Luis Javier"]
[Result "0-1"]
[WhiteElo "1947"]
[BlackElo "2188"]

1. e4 d6 2. d4 Nf6 3. Nc3 g6 4. Nf3 Bg7 5. Be2 O-O 6. O-O c6 7. a4 a5 8. Bf4
Nbd7 9. e5 Nh5 10. Bg5 f6 11. Be3 fxe5 12. Ng5 exd4 13. Ne6 Qb6 14. Nxd4 Nf4
15. Bc4+ d5 16. Bb3 Qb4 17. Bxf4 Qxd4 18. Bc7 Nc5 19. Qe2 Nxb3 20. cxb3 e5 21.
Rad1 Qf4 22. Rd3 Bg4 23. Qe1 Rf7 24. Bb6 e4 25. Be3 Qf5 26. Rd2 Qh5 27. Bb6 Be5
28. h3 Rf3 0-1

[Event "XXVIII Euskadi ch"]
[Site "Zornotza"]
[Date "2013.04.02"]
[Round "2"]
[White "Huerga Leache, Mikel"]
[Black "Limeres Guiance, Cristobal"]
[Result "1-0"]
[WhiteElo "2448"]
[BlackElo "2231"]

1. Nf3 b5 2. e4 Bb7 3. e5 b4 4. d4 e6 5. Bd3 d5 6. a3 c5 7. axb4 c4 8. Be2
Bxb4+ 9. c3 Be7 10. b3 cxb3 11. Qxb3 Qb6 12. Qxb6 axb6 13. Rxa8 Bxa8 14. Na3 f6
15. Nb5 Kf7 16. exf6 gxf6 17. O-O Bd8 18. Bf4 Nd7 19. Ra1 Bc6 20. Na7 Ne7 21.
Nxc6 Nxc6 22. Bb5 Ndb8 23. Ra8 e5 24. dxe5 fxe5 25. Nxe5+ Nxe5 26. Bxe5 Bf6 27.
Ra7+ Ke6 28. Bxf6 Kxf6 29. Rb7 Ke5 30. Rxb6 d4 31. cxd4+ Kxd4 32. g4 Kc5 33.
Rb7 Nc6 34. Bxc6 Kxc6 35. Re7 Kd6 36. Re4 h5 37. h3 Kd5 38. f3 Ra8 39. g5 1-0

[Event "XXVIII Euskadi ch"]
[Site "Zornotza"]
[Date "2013.04.02"]
[Round "2"]
[White "Sarralde Osua, Rodrigo"]
[Black "Gonzalez de la Torre, Santiago"]
[Result "0-1"]
[WhiteElo "2337"]
[BlackElo "2446"]

1. e4 c5 2. Nf3 e6 3. d4 cxd4 4. Nxd4 a6 5. Nc3 Qc7 6. Bd3 Nf6 7. Qe2 d6 8. f4
g6 9. Nf3 Bg7 10. O-O O-O 11. a4 b6 12. Kh1 Nbd7 13. f5 Nc5 14. Qf2 exf5 15.
Qh4 fxe4 16. Ng5 h5 17. Be2 d5 18. Be3 Be6 19. Rf4 Qd8 20. Qf2 Nfd7 21. h4 f6
22. Nxe6 Nxe6 23. Nxd5 Nxf4 24. Nxf4 Kh7 25. Nxg6 Kxg6 26. Bxh5+ Kh7 27. Qf5+
Kg8 28. Rd1 Ra7 29. Qd5+ Kh8 30. Bg6 f5 31. Bg5 Bf6 32. Bh6 Bg7 33. Bg5 Bf6 34.
Bh6 Be5 35. Bg5 Qc7 36. Rf1 Qd6 37. Qxd6 Bxd6 38. Bxf5 Bg3 39. Be3 Nc5 40. b4
Raf7 41. Bd4+ Kg8 42. bxc5 Rxf5 0-1

[Event "XXVIII Euskadi ch"]
[Site "Zornotza"]
[Date "2013.04.02"]
[Round "2"]
[White "Argandoña Riveiro, Iñigo"]
[Black "Diez Fraile, David"]
[Result "1-0"]
[WhiteElo "2416"]
[BlackElo "2168"]

1. c4 e5 2. Nc3 Nc6 3. g3 d6 4. Bg2 Be6 5. d3 Qd7 6. e3 g6 7. Rb1 Bg7 8. b4
Nge7 9. Nd5 O-O 10. Ne2 Nc8 11. O-O Nd8 12. b5 c6 13. bxc6 bxc6 14. Ndc3 f5 15.
f4 Nf7 16. Qa4 Ne7 17. Qb4 Rac8 18. Ba3 Rfd8 19. Rfd1 Qc7 20. Qb7 Bf8 21. Rb2
Qa5 22. Bb4 Qb6 23. Qxb6 axb6 24. a4 Ra8 25. Ba3 Ra6 26. Rdb1 d5 27. d4 dxc4
28. fxe5 Nd5 29. Bxd5 Bxa3 30. Bxe6 Bxb2 31. Rxb2 1-0

[Event "XXVIII Euskadi ch"]
[Site "Zornotza"]
[Date "2013.04.02"]
[Round "2"]
[White "Arias Garcia, Luis Javier"]
[Black "Astasio Lopez, David"]
[Result "0-1"]
[WhiteElo "2188"]
[BlackElo "2376"]

1. e4 c5 2. Nc3 e6 3. g3 d5 4. exd5 exd5 5. d4 cxd4 6. Qxd4 Nf6 7. Bg2 Nc6 8.
Qd1 d4 9. Nce2 Bc5 10. Nf3 Bf5 11. O-O O-O 12. Nf4 Rc8 13. a3 Bb6 14. Nd3 Be4
15. Re1 h6 16. Bf4 Qd5 17. b4 Rfe8 18. h4 a6 19. Rb1 Qa2 20. b5 axb5 21. Rxb5
Ba5 22. Rf1 Qxa3 23. Nc5 Bd5 24. Nd7 Bc4 25. Nxf6+ gxf6 26. Rxb7 Qc5 27. Nh2
Be2 28. Qb1 Bxf1 29. Bxf1 Ne5 30. Rb5 Qc3 31. Qd1 Qe1 32. Qh5 Rxc2 33. Ng4 Nxg4
34. Qxg4+ Kh8 35. Qf3 Bd2 36. Rh5 Bxf4 37. Qxf4 Kg8 38. Rxh6 Rc1 39. Qg4+ Kf8
40. Qh3 d3 41. g4 Qxf1+ 0-1

[Event "XXVIII Euskadi ch"]
[Site "Zornotza"]
[Date "2013.04.02"]
[Round "2"]
[White "Guijarro Galan, Jose Luis"]
[Black "Prieto Aranguren, Alain"]
[Result "0-1"]
[WhiteElo "2154"]
[BlackElo "2200"]

1. e4 c6 2. d4 d5 3. exd5 cxd5 4. Bd3 Nc6 5. c3 Nf6 6. h3 g6 7. Nf3 Bg7 8. Bf4
O-O 9. O-O Nh5 10. Bh2 Bh6 11. Kh1 Nf4 12. Qd2 Qd6 13. g3 Nxd3 14. Qxh6 Qf6 15.
Kg2 Nxb2 16. Nbd2 Bf5 17. g4 Bd3 18. Rfe1 Qg7 19. Qe3 Ba6 20. Ne5 Nxe5 21. Bxe5
f6 22. Bg3 Rfe8 23. Nb3 Na4 24. Rac1 Rac8 25. f4 b6 26. Nd2 Nb2 27. Rc2 Nd3 28.
Rd1 e5 29. dxe5 fxe5 30. fxe5 Nxe5 31. Re1 Bb7 32. Qd4 Nc4 33. Rxe8+ Rxe8 34.
Qxg7+ Kxg7 35. Nxc4 dxc4+ 36. Kf2 Rf8+ 37. Kg1 Rf3 38. Be5+ Kh6 39. Kh2 Kg5 40.
Bd4 Kf4 41. Re2 Be4 42. Rf2 Rxf2+ 43. Bxf2 {(Ilegible)} 0-1

[Event "XXVIII Euskadi ch"]
[Site "Zornotza"]
[Date "2013.04.02"]
[Round "2"]
[White "Villalta Bustillo, Igor"]
[Black "Franco Alonso, Alejandro"]
[Result "0-1"]
[WhiteElo "2229"]
[BlackElo "2504"]

1. b3 d5 2. Bb2 c5 3. e3 a6 4. Nf3 Nc6 5. d4 Nf6 6. c4 e6 7. cxd5 exd5 8. Be2
Be7 9. O-O O-O 10. dxc5 Bxc5 11. Na3 Ne4 12. Nc2 Qd6 13. Re1 Re8 14. Nd2 Qg6
15. Nd4 Bh3 16. Bf3 Ne5 17. Kh1 Nxf3 18. gxh3 Bxd4 0-1

[Event "XXVIII Euskadi ch"]
[Site "Zornotza"]
[Date "2013.04.02"]
[Round "2"]
[White "Segura Del Frago, Imanol"]
[Black "Padilla Cabero, Pablo"]
[Result "0-1"]
[WhiteElo "2012"]
[BlackElo "2153"]

1. d4 f5 2. c4 g6 3. Nc3 Nh6 4. f3 Nf7 5. e4 d6 6. Be3 Bg7 7. Qd2 c6 8. Bd3 e5
9. d5 f4 10. Bf2 c5 11. a3 g5 12. b4 b6 13. Bc2 h5 14. Ba4+ Kf8 15. Bc6 Nxc6
16. dxc6 Be6 17. Nd5 g4 18. b5 Bh6 19. a4 Kg7 20. a5 bxa5 21. Qxa5 Bxd5 22.
Qxd8 Rhxd8 23. cxd5 Rdb8 24. Ra5 Bg5 25. g3 Bd8 26. Ra1 Rxb5 27. gxf4 exf4 28.
fxg4 hxg4 29. Ne2 Ba5+ 30. Kd1 f3 31. Ng3 Rab8 32. Nf5+ Kg6 33. Rg1 Rb1+ 34.
Rxb1 Rxb1+ 35. Kc2 Rxg1 36. Bxg1 Bc7 37. Bf2 Ng5 38. Kd3 c4+ 39. Ke3 Bb6+ 40.
Nd4 Kf7 41. Bg3 Ke8 42. Bxd6 Bxd4+ 43. Kxd4 f2 44. Bf4 Nf7 45. e5 f1=Q 0-1

[Event "XXVIII Euskadi ch"]
[Site "Zornotza"]
[Date "2013.04.02"]
[Round "2"]
[White "Marchena Hurtado, Javier"]
[Black "Galarza Cenzano, Iñigo"]
[Result "1/2-1/2"]
[WhiteElo "2093"]
[BlackElo "2040"]

1. d4 Nf6 2. c4 g6 3. Nf3 Bg7 4. g3 O-O 5. Bg2 d6 6. O-O Nbd7 7. Nc3 e5 8. e4
c6 9. h3 Qa5 10. Re1 exd4 11. Nxd4 Ne5 12. Bf1 Re8 13. Kg2 Be6 14. Nxe6 Rxe6
15. f3 a6 16. a3 c5 17. Be3 Nc6 18. b4 cxb4 19. axb4 Qe5 20. Nd5 Nh5 21. g4
Qg3+ 22. Kh1 Bxa1 23. Qxa1 Ng7 24. Bg2 Qe5 25. b5 Qxa1 26. Rxa1 Ne5 27. Nc7 Rc8
28. Nxe6 Nxe6 29. bxa6 bxa6 30. Rxa6 Nxc4 31. Bf2 1/2-1/2

[Event "XXVIII Euskadi ch"]
[Site "Zornotza"]
[Date "2013.04.02"]
[Round "2"]
[White "Albo Ruiz, Jose Martin"]
[Black "Axpe Balenciaga, Iñigo"]
[Result "0-1"]
[WhiteElo "1911"]
[BlackElo "2086"]

1. e4 c6 2. d4 g6 3. c4 d6 4. Nc3 Bg7 5. Be3 Nf6 6. f3 O-O 7. Qd2 e5 8. Nge2 a6
9. dxe5 dxe5 10. Qxd8 Rxd8 11. Bb6 Re8 12. Rd1 Be6 13. Nc1 Nbd7 14. Be3 Bf8 15.
Be2 b5 16. Nd5 Rec8 17. Nxf6+ Nxf6 18. cxb5 cxb5 19. Bd3 Nd7 20. Ke2 Nc5 21.
Bb1 Na4 22. Nd3 Bc4 23. Bc1 Rd8 24. Ke3 Bh6+ 25. f4 Bxd3 26. Rxd3 Bxf4+ 27. Ke2
Bxc1 28. Rxd8+ Rxd8 29. Rxc1 Nxb2 30. Rc6 Nc4 31. Bd3 Rd6 32. Rc8+ Kg7 33. Bxc4
bxc4 34. Rxc4 Rb6 35. Rc2 Kf6 36. Kf3 Ke6 37. Kg4 f6 38. Rd2 h5+ 39. Kf3 f5 40.
g3 Rb4 41. exf5+ Kxf5 42. h3 Ra4 43. Kf2 Ra3 44. Re2 g5 45. Kg2 h4 46. g4+ Kf4
47. Rf2+ Ke4 48. Re2+ Re3 49. Rb2 Rg3+ 50. Kh2 Rd3 51. Kg2 Ke3 52. Rf2 Rd2 53.
Rxd2 Kxd2 0-1

[Event "XXVIII Euskadi ch"]
[Site "Zornotza"]
[Date "2013.04.02"]
[Round "2"]
[White "Perez Fernandez, Modesto"]
[Black "Goiria Egidazu, Jon Asel"]
[Result "1-0"]
[WhiteElo "2048"]
[BlackElo "1947"]

1. e4 e5 2. Nf3 Nc6 3. Bb5 a6 4. Bxc6 dxc6 5. O-O f6 6. d4 exd4 7. Nxd4 c5 8.
Ne2 Qxd1 9. Rxd1 Bd7 10. Be3 O-O-O 11. Nbc3 b6 12. Rd2 Re8 13. Rad1 Bc6 14. f3
Ne7 15. Kf2 Ng6 16. Nd5 Ne5 17. b3 c4 18. Nef4 h5 19. Bd4 Bxd5 20. Nxd5 cxb3
21. cxb3 Nc6 22. Be3 Nb4 23. Rc1 Nxd5 24. Rxd5 Ba3 25. Rc2 Re6 26. h4 g6 27.
Rc4 b5 28. Rc2 Rd8 29. Bf4 Bd6 30. Bxd6 Rexd6 31. Rxd6 Rxd6 32. Ke3 Kd7 33. g4
Rc6 34. Rg2 Ke6 35. gxh5 gxh5 36. Kf4 Rc1 37. Rg7 Rc2 38. Rh7 Rxa2 39. Rxc7 Ra3
40. Rc6+ Kf7 41. Rc7+ Ke6 42. Rc6+ Kf7 43. b4 Rb3 44. Rxa6 Rxb4 45. Kf5 Rb3 46.
f4 Rh3 47. Rxf6+ Kg7 48. Rg6+ Kf7 49. Rb6 Rxh4 50. Rb7+ Kf8 51. Rxb5 Rh1 52.
Kf6 Ke8 53. Rb8+ Kd7 54. e5 Re1 55. f5 1-0

[Event "XXVIII Euskadi ch"]
[Site "Zornotza"]
[Date "2013.04.03"]
[Round "3"]
[White "Astasio Lopez, David"]
[Black "Huerga Leache, Mikel"]
[Result "1-0"]
[WhiteElo "2376"]
[BlackElo "2448"]

1. d4 Nf6 2. Nf3 c5 3. e3 e6 4. Be2 d5 5. O-O Nc6 6. a3 cxd4 7. exd4 Bd6 8. Bg5
Qb6 9. Bxf6 gxf6 10. b4 Bd7 11. c4 dxc4 12. Re1 Ne7 13. Nbd2 c3 14. Ne4 Nd5 15.
Bc4 O-O-O 16. Bxd5 exd5 17. Nxc3 Kb8 18. Nxd5 Qc6 19. Ne3 Rhg8 20. d5 Qa6 21.
Qd4 Rde8 22. Nc4 Rc8 23. Nxd6 Qxd6 24. Rac1 Rcd8 25. Rc3 Bh3 26. Nh4 Bc8 27.
Rd3 Rg5 28. Qc3 Rh5 29. Rd4 Rg8 30. Qf3 Rgg5 31. Red1 Re5 32. Qf4 Rhg5 33. Nf3
Rg4 34. Qd2 Rh5 35. h3 Rg6 36. Kf1 Bd7 37. Qf4 Bb5+ 38. Kg1 Kc7 39. R1d2 Qxf4
40. Rxf4 Rxh3 41. Nh4 Rg5 42. g3 Bd7 43. Kg2 Kd8 44. d6 a6 45. Re2 Bc8 46. d7
Bxd7 47. Rd2 Rxh4 48. Rxh4 Ke7 49. Rxh7 Bc6+ 50. f3 a5 51. Kf2 axb4 52. axb4
Rf5 53. Rd3 Rb5 54. Rh4 Rb6 55. Rf4 Bd7 56. Rfd4 Be6 57. Rc3 f5 58. Ke3 Kf6 59.
Kf4 Ra6 60. Rc7 Rb6 61. Rc5 Ra6 62. Rb5 Bc8 63. Rc4 Ra8 64. Rc7 Rb8 65. Rb6+
Kg7 66. Rd6 1-0

[Event "XXVIII Euskadi ch"]
[Site "Zornotza"]
[Date "2013.04.03"]
[Round "3"]
[White "Gonzalez de la Torre, Santiago"]
[Black "Argandoña Riveiro, Iñigo"]
[Result "1/2-1/2"]
[WhiteElo "2446"]
[BlackElo "2416"]

1. e4 e5 2. Nf3 d6 3. d4 exd4 4. Nxd4 Nf6 5. Nc3 Be7 6. Bf4 O-O 7. Qd2 a6 8.
O-O-O b5 9. Nd5 c5 10. Nxe7+ Qxe7 11. Nf5 Bxf5 12. Bxd6 Qe6 13. Bxf8 Nbd7 14.
exf5 Qxa2 15. Qe3 Qa1+ 16. Kd2 Qa5+ 17. Kc1 Qa1+ 18. Kd2 Qa5+ 1/2-1/2

[Event "XXVIII Euskadi ch"]
[Site "Zornotza"]
[Date "2013.04.03"]
[Round "3"]
[White "Prieto Aranguren, Alain"]
[Black "Sarralde Osua, Rodrigo"]
[Result "1/2-1/2"]
[WhiteElo "2200"]
[BlackElo "2337"]

1. Nf3 f5 2. g3 e6 3. Bg2 d5 4. O-O Nf6 5. d3 c6 6. Nbd2 Bc5 7. b3 O-O 8. Bb2
Bd7 9. c4 Be8 10. Qc2 Qe7 11. Ne5 Nbd7 12. Ndf3 Bh5 13. Nxd7 Nxd7 14. Ne5 Rad8
15. Nxd7 Rxd7 16. Be5 Bd6 17. Bxd6 Qxd6 18. e3 dxc4 19. dxc4 Qd2 20. Rac1 Rfd8
21. Qb1 Qa5 22. b4 Qe5 23. Qa1 Qxa1 24. Rxa1 e5 25. b5 cxb5 26. cxb5 Be2 27.
Rfb1 e4 28. Bf1 Bxf1 29. Rxf1 Kf7 30. Rac1 Ke6 31. Rc2 g6 32. Kg2 Rd2 33. Rfc1
Rxc2 34. Rxc2 Rd5 35. a4 Kd7 36. g4 fxg4 37. Rc4 Re5 38. Kg3 h5 39. Kf4 Kd6 40.
Rd4+ Ke6 41. Rd8 Rf5+ 42. Kg3 Rf3+ 43. Kg2 h4 44. Ra8 g3 45. hxg3 hxg3 46. fxg3
Rxe3 47. Rxa7 Re2+ 48. Kf1 Ra2 49. Rxb7 Rxa4 50. Kf2 Ra3 51. Rb6+ Kf5 52. g4+
Kg5 53. Re6 Ra4 54. Ke3 Rb4 55. Re5+ Kf6 56. Rc5 g5 57. Rd5 Kg6 58. Rd6+ Kg7
59. b6 Kf7 60. Rc6 Ke7 61. Rh6 Kf7 62. Rc6 Ke7 63. Rg6 Kf7 64. Rh6 Kg7 65. Rc6
Kf7 66. Rc7+ Ke6 67. b7 Ke5 68. Rc5+ Kf6 69. Rc7 Ke5 70. Rc5+ 1/2-1/2

[Event "XXVIII Euskadi ch"]
[Site "Zornotza"]
[Date "2013.04.03"]
[Round "3"]
[White "Franco Alonso, Alejandro"]
[Black "Padilla Cabero, Pablo"]
[Result "1-0"]
[WhiteElo "2504"]
[BlackElo "2153"]

1. Nf3 d6 2. e4 Nf6 3. Nc3 c6 4. d4 g6 5. a4 a5 6. Be2 Bg7 7. h3 Na6 8. Bg5 Nd7
9. Qd2 h6 10. Be3 Nb4 11. O-O Nf6 12. Bf4 Be6 13. Rfe1 Qd7 14. d5 Bxh3 15. gxh3
Qxh3 16. Bg3 Nh5 17. Bf1 Qg4 18. Nh2 Qd7 19. Re3 Bf6 20. dxc6 bxc6 21. Nd5 Bg5
22. f4 Nxd5 23. exd5 Nxf4 24. Qd4 Nh3+ 25. Kg2 O-O 26. Rf3 c5 27. Qg4 Qb7 28.
Bb5 Qxd5 29. Kxh3 h5 30. Qc4 Qd2 31. Be1 Qd4 32. Qxd4 cxd4 33. Rd3 Rfc8 34. Nf3
Bf6 35. Nxd4 Rc5 36. c3 g5 37. b4 axb4 38. cxb4 Rxb5 39. Nxb5 Bxa1 40. a5 f5
41. Ra3 Be5 42. Nc7 Ra7 43. Nb5 Ra6 44. Nc3 g4+ 45. Kg2 f4 46. b5 f3+ 47. Kf1
Ra8 48. b6 g3 49. Bxg3 Bxc3 50. Rxc3 Rxa5 51. b7 1-0

[Event "XXVIII Euskadi ch"]
[Site "Zornotza"]
[Date "2013.04.03"]
[Round "3"]
[White "Limeres Guiance, Cristobal"]
[Black "Perez Fernandez, Modesto"]
[Result "1-0"]
[WhiteElo "2231"]
[BlackElo "2048"]

1. d4 d5 2. c4 c6 3. cxd5 cxd5 4. Nc3 Nf6 5. Bf4 Nc6 6. e3 a6 7. Bd3 Bg4 8.
Nge2 e6 9. Rc1 Be7 10. Bg5 Bh5 11. Qd2 Bg6 12. Nf4 Bxd3 13. Nxd3 Nd7 14. Bxe7
Qxe7 15. Na4 O-O 16. O-O Rac8 17. Rc3 Rc7 18. Rfc1 Rfc8 19. a3 b5 20. Nac5 Nxc5
21. Rxc5 Nb8 22. Qa5 Rxc5 23. Rxc5 Rxc5 24. Nxc5 Qd6 25. Nb7 Qd7 26. Qb6 h6 27.
Nc5 Qc8 28. h3 Kh7 29. Qa7 Kg6 30. Kh2 h5 31. h4 Qd8 32. g3 Qd6 33. Qb7 e5 34.
Nd3 f6 35. dxe5 fxe5 36. f4 exf4 37. Nxf4+ Kh7 38. Qxd5 Qxd5 39. Nxd5 Kg6 40.
e4 Nc6 41. Kg2 Ne5 42. b3 a5 43. a4 bxa4 44. bxa4 Nc4 45. Kf3 Nb2 46. Nc3 Kf6
47. Kf4 Nd3+ 48. Ke3 Ne5 49. Kd4 Nc6+ 50. Kc4 g5 51. hxg5+ Kxg5 52. Kb5 Kg4 53.
Ne2 Ne7 54. e5 Kf5 55. Kxa5 Kxe5 56. Kb5 Kd6 57. Nf4 Nf5 58. Nxh5 Nd4+ 59. Kb4
{(Ilegible)} 1-0

[Event "XXVIII Euskadi ch"]
[Site "Zornotza"]
[Date "2013.04.03"]
[Round "3"]
[White "Axpe Balenciaga, Iñigo"]
[Black "Arias Garcia, Luis Javier"]
[Result "1/2-1/2"]
[WhiteElo "2086"]
[BlackElo "2188"]

1. d4 Nf6 2. c4 e6 3. Nf3 b6 4. g3 Ba6 5. b3 Bb4+ 6. Bd2 Be7 7. Bg2 c6 8. O-O
d5 9. cxd5 cxd5 10. Bf4 Nc6 11. b4 O-O 12. a3 Rc8 13. Re1 Ne4 14. Qa4 Bc4 15.
Ne5 Nxd4 16. Nxc4 Rxc4 17. Bxe4 dxe4 18. Nd2 Rc8 19. Nf1 Qe8 20. Qxe8 Rfxe8 21.
Rac1 Nc2 22. Red1 Nxa3 23. Rxc8 Rxc8 24. Rd7 Bxb4 25. Rxa7 Nc2 26. g4 Bc5 27.
Rb7 Nb4 28. e3 Nd5 29. Bb8 Ne7 30. Ng3 f5 31. gxf5 exf5 32. Bf4 g6 33. h4 Kf7
34. Bg5 Rc6 35. Ne2 Bd6 36. Nd4 Rc7 37. Rxb6 Bc5 38. Rf6+ Ke8 39. Ne6 Rc6 40.
Rf8+ Kd7 41. Nxc5+ Rxc5 42. Rf7 Re5 43. Rxh7 Ke8 44. h5 gxh5 45. Bxe7 1/2-1/2

[Event "XXVIII Euskadi ch"]
[Site "Zornotza"]
[Date "2013.04.03"]
[Round "3"]
[White "Diez Fraile, David"]
[Black "Cucarella Montell, Angels"]
[Result "1/2-1/2"]
[WhiteElo "2168"]
[BlackElo "1982"]

1. d4 d5 2. c4 e6 3. Nf3 c5 4. e3 Nc6 5. Nc3 Nf6 6. a3 a6 7. dxc5 Bxc5 8. b4
Be7 9. Bb2 dxc4 10. Qxd8+ Bxd8 11. Bxc4 b5 12. Bd3 O-O 13. Ne4 Nxe4 14. Bxe4
Bd7 15. Rd1 Be8 16. Rc1 Rc8 17. Ke2 f5 18. Bb1 Bh5 19. Ba2 Re8 20. Rc5 Bb6 21.
Rc3 Kf7 22. Rhc1 Ne7 23. h3 Rxc3 24. Rxc3 Rc8 25. g4 Rxc3 26. Bxc3 fxg4 27.
Ne5+ Ke8 28. hxg4 Bf7 29. f4 Nd5 30. Bd2 Bc7 31. Nd3 Bb6 32. Ne5 Bc7 33. Nxf7
Kxf7 34. Kf3 g6 35. e4 Nb6 36. g5 Ke7 37. Ke3 Nd7 38. e5 Bb6+ 39. Ke4 Bc7 40.
Bb3 Nb6 41. Be3 Kd7 42. Bxb6 1/2-1/2